La vida privada y pública de Sócrates

Uloženo v:
Podrobná bibliografie
Hlavní autor: Kraus, René (Autor)
Médium: Kniha
Jazyk:španělština
Vydáno: Buenos Aires Sudamericana 1966
Edice:Piragua
Témata:
Tagy: Přidat tag
Žádné tagy, Buďte první, kdo vytvoří štítek k tomuto záznamu!

MARC

LEADER 00000nam a2200000 a 4500
001 UCP8270
003 CL-VaPUC
008 000114e19660000AG |||||||||||||||||spa|d
082 0 4 |a 921.9  |b KRA  |2 21 
100 0 |a Kraus, René  |e author  |9 438110 
245 1 3 |a La vida privada y pública de Sócrates 
300 |a 403 p 
942 |c BK 
945 |d 20000114 00:00:00  |a rherrera 
260 |a Buenos Aires  |b Sudamericana  |c 1966 
600 0 |a Sócrates  |9 266368 
650 0 |a Biografías  |9 255210 
650 0 |a Filósofos   |9 269126 
650 0 |a Vida y obra  |9 311871 
650 0 |a Filosofía antigua   |9 255705 
651 0 |a Grecia  |9 265314 
583 |a last modification  |c 20000114 00:00:00  |k Rodrigo Vera 
490 0 |a Piragua 
999 |c 285202  |d 285200 
952 |0 0  |1 0  |4 0  |6 921_900000000000000_KRA_1966  |7 0  |8 A  |9 329637  |a BIBHIS  |b BIBHIS  |d 2019-11-20  |i 1377515  |o 921.9 KRA 1966  |p 1377515  |r 2025-01-20  |w 2019-11-20  |y BK  |k HIS